[Event "FIDE World Blitz 2013"]
[Site "Khanty-Mansiysk RUS"]
[Date "2013.06.09"]
[Round "11.8"]
[White "Khairullin, Ildar"]
[Black "Movsesian, Sergei"]
[Result "0-1"]
[WhiteTitle "GM"]
[BlackTitle "GM"]
[WhiteElo "2658"]
[BlackElo "2699"]
[WhiteFideId "4151348"]
[BlackFideId "310204"]
[EventDate "2013.06.09"]

1. d4 Nf6 2. c4 g6 3. g3 Bg7 4. Bg2 O-O 5. Nf3 c6 6. O-O d6 7. Nc3 Qb6 8. b3 e5
9. e3 Re8 10. Ba3 e4 11. Nd2 d5 12. Bd6 Bg4 13. Qc2 Qd8 14. c5 Na6 15. b4 Nxb4
16. Qb2 Qa5 17. Nb3 Qa6 18. Nc1 Nd3 19. Nxd3 exd3 20. Rfb1 Qc4 21. Rc1 Qa6 22.
h3 Bc8 23. Bf1 Ne4 24. Bf4 g5 25. Bc7 Bf5 26. Rd1 Qc4 27. Rac1 Qa6 28. Bxd3 b5
29. cxb6 Qb7 30. Nxe4 dxe4 31. Bf1 Rec8 32. Qc3 axb6 33. Qxc6 Qxc6 34. Rxc6 Rxa2
35. Rdc1 Rb2 36. Bxb6 Rxc6 37. Rxc6 Rb1 38. g4 Bd7 39. Rd6 Bb5 40. Rd8+ Bf8 41.
Bc5 Bxf1 42. Bxf8 f6 43. Kh2 Be2 44. h4 gxh4 45. Bh6+ 0-1

[Event "FIDE World Blitz 2013"]
[Site "Khanty-Mansiysk RUS"]
[Date "2013.06.09"]
[Round "11.11"]
[White "Riazantsev, Alexander"]
[Black "Vitiugov, Nikita"]
[Result "1-0"]
[WhiteTitle "GM"]
[BlackTitle "GM"]
[WhiteElo "2708"]
[BlackElo "2734"]
[WhiteFideId "4125029"]
[BlackFideId "4152956"]
[EventDate "2013.06.09"]

1. d4 Nf6 2. c4 e6 3. Nf3 Bb4+ 4. Nbd2 O-O 5. a3 Be7 6. e4 d6 7. Be2 Nbd7 8. Qc2
e5 9. Nb1 Re8 10. Nc3 Bf8 11. d5 a5 12. h3 Nc5 13. Be3 a4 14. Nd2 Bd7 15. g4 Kh8
16. g5 Ng8 17. h4 Ne7 18. h5 Kg8 19. O-O-O c6 20. Rdg1 cxd5 21. exd5 Bf5 22.
Nce4 Nxe4 23. Nxe4 Nxd5 24. Nf6+ Qxf6 25. gxf6 Bxc2 26. cxd5 Rac8 27. Kd2 Bf5
28. Bd3 Bxd3 29. Kxd3 g6 30. Rg4 e4+ 31. Rxe4 Rxe4 32. Kxe4 Rc2 33. Kd3 Rc8 34.
Rh4 b5 35. h6 Re8 36. Re4 Rb8 37. Rb4 Rb7 38. Bg5 Rb8 39. b3 axb3 40. a4 Rc8 41.
axb5 Rc5 42. Kd4 Rc2 43. Rxb3 Rxf2 44. b6 1-0

[Event "FIDE World Blitz 2013"]
[Site "Khanty-Mansiysk RUS"]
[Date "2013.06.09"]
[Round "11.13"]
[White "Safarli, Eltaj"]
[Black "Georgiev, Kiril"]
[Result "1/2-1/2"]
[WhiteTitle "GM"]
[BlackTitle "GM"]
[WhiteElo "2660"]
[BlackElo "2636"]
[WhiteFideId "13402129"]
[BlackFideId "2900017"]
[EventDate "2013.06.09"]

1. e4 e5 2. Nf3 Nf6 3. d4 exd4 4. e5 Ne4 5. Qxd4 d5 6. exd6 Nxd6 7. Nc3 Nc6 8.
Qf4 Nf5 9. Bd3 Bd6 10. Qe4+ Qe7 11. Bg5 f6 12. Bd2 Bd7 13. O-O-O O-O-O 14. Rhe1
Qxe4 15. Nxe4 Be7 16. Bc4 Nd6 17. Bd5 Nxe4 18. Bxe4 Bc5 19. Be3 Bd6 20. h4 h5
21. Nd4 Nxd4 22. Bxd4 a6 23. g3 Bg4 24. Rd3 Rhe8 25. Rde3 Kb8 26. Bg6 Rxe3 27.
Bxe3 Be5 28. c3 Bf3 29. Kc2 b6 30. Bf4 Bxf4 31. gxf4 Rd7 32. Re8+ Kb7 33. Rh8
Re7 34. Re8 Rxe8 35. Bxe8 c5 36. Kd3 Kc7 37. Ke3 Bg4 38. f3 Be6 39. a3 a5 40.
Bxh5 Kd6 41. Bg4 Bb3 42. Bf5 Bf7 43. Bd3 Bd5 44. Be4 Be6 45. Kf2 Bf7 46. Kg3 Bh5
47. Kf2 Ke6 48. Ke3 Kd6 49. Kd3 Bf7 50. Bf5 Bd5 51. Ke3 Bb3 52. h5 Bc4 53. Kf2
Bf7 54. Bg4 Be8 55. Ke3 Bf7 56. f5 Ke5 57. f4+ Kd5 58. Kd3 Be8 59. Bf3+ Kd6 60.
Kc4 Bd7 61. Be4 Be8 62. Bf3 Ba4 63. Kd3 Bb3 64. Ke3 Bc2 65. Bg4 Kd5 66. Kd2 Be4
67. Ke3 Bb1 68. Bh3 Kc4 69. Kd2 Kb3 70. Kc1 Bd3 71. Bg2 Bxf5 72. Bd5+ c4 73. Bf7
Be4 74. Be8 Bd3 75. Bb5 Be2 76. Be8 Bd3 77. Bf7 Be2 78. Bg6 Bd3 79. Be8 Be4 80.
Bf7 Bd3 81. Be8 Be4 1/2-1/2

[Event "FIDE World Blitz 2013"]
[Site "Khanty-Mansiysk RUS"]
[Date "2013.06.09"]
[Round "11.14"]
[White "Zvjaginsev, Vadim"]
[Black "Guseinov, Gadir"]
[Result "1/2-1/2"]
[WhiteTitle "GM"]
[BlackTitle "GM"]
[WhiteElo "2659"]
[BlackElo "2631"]
[WhiteFideId "4113403"]
[BlackFideId "13401378"]
[EventDate "2013.06.09"]

1. e4 c5 2. Nf3 g6 3. c3 Bg7 4. d4 cxd4 5. cxd4 d5 6. Bb5+ Nd7 7. e5 a6 8. Bd3
f6 9. Bf4 fxe5 10. dxe5 e6 11. h4 Qb6 12. Qd2 Nc5 13. O-O Nxd3 14. Qxd3 Bd7 15.
Nc3 Ne7 16. Be3 Qc7 17. Rac1 Nc6 18. h5 O-O 19. hxg6 Rxf3 20. gxf3 Nxe5 21. Bf4
Nxd3 22. Bxc7 Nxc1 23. gxh7+ Kxh7 24. Rxc1 Rc8 25. Bf4 b5 26. a3 Rf8 27. Ne2
Bxb2 28. Rc7 Rf7 29. Bc1 Be5 30. Ra7 d4 31. f4 d3 32. Ng3 Bd4 33. Rxa6 e5 34.
Ne4 Re7 35. Nf6+ Kg7 36. Nxd7 Rxd7 37. fxe5 Bc3 38. e6 d2 39. Bxd2 Rxd2 40. Rb6
Rd5 41. Kg2 Kf6 42. f4 Bb2 43. Ra6 Rd3 44. Rb6 Rb3 45. f5 Bxa3 46. Rb7 Kxf5 47.
e7 Re3 48. Rxb5+ Kf6 49. Rb3 Re2+ 50. Kf3 Rxe7 51. Rxa3 Ke5 1/2-1/2

[Event "FIDE World Blitz 2013"]
[Site "Khanty-Mansiysk RUS"]
[Date "2013.06.09"]
[Round "11.15"]
[White "Artemiev, Vladislav"]
[Black "Tkachiev, Vladislav"]
[Result "0-1"]
[WhiteTitle "IM"]
[BlackTitle "GM"]
[WhiteElo "2524"]
[BlackElo "2649"]
[WhiteFideId "24101605"]
[BlackFideId "618438"]
[EventDate "2013.06.09"]

1. Nf3 Nf6 2. g3 g6 3. Bg2 Bg7 4. O-O O-O 5. c4 d6 6. Nc3 c6 7. d3 Re8 8. Rb1 d5
9. cxd5 cxd5 10. Bf4 Nh5 11. Be5 Nc6 12. Bxg7 Kxg7 13. Nd2 Nf6 14. Rc1 e6 15.
Nb3 Qe7 16. d4 Rd8 17. Qd2 Bd7 18. Nc5 Be8 19. e3 Rac8 20. Nd3 b6 21. b3 Nb4 22.
Ne2 Nxd3 23. Qxd3 Qa3 24. Qb1 Bb5 25. Rxc8 Rxc8 26. Rc1 Bd3 27. Qxd3 Rxc1+ 28.
Nxc1 Qxc1+ 29. Bf1 Ne4 30. a4 Qb2 31. Be2 Nc3 32. Bg4 Qxb3 33. Kg2 Qb2 34. h4
Ne4 35. Be2 Qa1 36. Qc2 Qe1 37. Bd3 Nf6 38. Be2 h5 39. Bf3 Qb4 40. Qc6 Qc4 41.
Qxc4 dxc4 42. Kf1 Nd5 43. Ke1 Nc3 44. Bc6 f5 45. f3 Kf6 46. Kd2 Nd5 47. Bb5 c3+
48. Kd3 c2 49. Kxc2 Nxe3+ 50. Kd2 Nd5 51. f4 Nc7 52. Bc6 Ke7 53. Kd3 Kd6 54. Bf3
Nd5 55. Bg2 a6 56. Bf3 b5 57. axb5 axb5 58. Bd1 Nf6 59. Bf3 Ne4 60. Bxe4 fxe4+
61. Kxe4 b4 62. Ke3 Kd5 63. Kd3 b3 64. Kc3 b2 65. Kxb2 Kxd4 66. Kb3 Ke4 67. Kc4
Kf3 68. Kd4 Kxg3 69. Ke5 Kxh4 70. Kxe6 Kg4 0-1

[Event "FIDE World Blitz 2013"]
[Site "Khanty-Mansiysk RUS"]
[Date "2013.06.09"]
[Round "11.16"]
[White "Vasquez Schroeder, Rodrigo"]
[Black "Rakhmanov, Aleksandr"]
[Result "0-1"]
[WhiteTitle "GM"]
[BlackTitle "GM"]
[WhiteElo "2542"]
[BlackElo "2602"]
[WhiteFideId "3400042"]
[BlackFideId "4173708"]
[EventDate "2013.06.09"]

1. e4 c5 2. Nf3 Nf6 3. d3 d5 4. Nbd2 e6 5. g3 Be7 6. Bg2 Nc6 7. O-O h6 8. Re1
Rb8 9. a4 b6 10. c3 Ba6 11. exd5 exd5 12. Nb3 O-O 13. d4 Bd6 14. Ne5 Qc7 15. Ng4
Ne4 16. dxc5 Nxc5 17. Nxc5 bxc5 18. Bxd5 Ne7 19. Bg2 c4 20. Qc2 Bc8 21. Ne3 Be6
22. Qe2 Rfd8 23. Nc2 Nf5 24. Ne3 Ne7 25. Rd1 Bc5 26. Rxd8+ Rxd8 27. Nc2 Nf5 28.
Ne3 Ne7 29. Bd2 Qb6 30. Be1 Qb3 31. Be4 Kf8 32. Nd1 a5 33. Bc2 Qb7 34. Be4 Qb3
35. Kg2 Nf5 36. Bc2 Qb7+ 37. Kg1 Nd6 38. Qh5 Bd5 39. Rb1 Bh1 40. Qh3 Ne4 41. Kf1
Ng5 42. Qf5 Bg2+ 43. Ke2 Rd5 44. Qf4 Nh3 0-1

[Event "FIDE World Blitz 2013"]
[Site "Khanty-Mansiysk RUS"]
[Date "2013.06.09"]
[Round "11.17"]
[White "Gundavaa, Bayarsaikhan"]
[Black "Ponkratov, Pavel"]
[Result "0-1"]
[WhiteTitle "GM"]
[BlackTitle "GM"]
[WhiteElo "2516"]
[BlackElo "2605"]
[WhiteFideId "4901045"]
[BlackFideId "4157800"]
[EventDate "2013.06.09"]

1. e4 e6 2. d3 d5 3. Nd2 Nc6 4. Ngf3 Nf6 5. e5 Nd7 6. d4 f6 7. exf6 Qxf6 8. Nb3
Bd6 9. Bg5 Qf7 10. Bh4 e5 11. dxe5 Ndxe5 12. Be2 O-O 13. Ng5 Qf4 14. Qxd5+ Kh8
15. Qe4 Qxe4 16. Nxe4 Bb4+ 17. Ned2 Bxd2+ 18. Kxd2 Bf5 19. c3 a5 20. a4 Be6 21.
Nd4 Nxd4 22. cxd4 Nc6 23. Kc3 Nxd4 24. Kxd4 Rf4+ 25. Kc3 Rxh4 26. b3 Rf8 27. g3
Rb4 28. Rab1 Rxf2 29. Rhf1 Rxe2 0-1

[Event "FIDE World Blitz 2013"]
[Site "Khanty-Mansiysk RUS"]
[Date "2013.06.09"]
[Round "11.18"]
[White "Lagno, Kateryna"]
[Black "Pridorozhni, Aleksei"]
[Result "1/2-1/2"]
[WhiteTitle "GM"]
[BlackTitle "GM"]
[WhiteElo "2542"]
[BlackElo "2512"]
[WhiteFideId "14109336"]
[BlackFideId "4127870"]
[EventDate "2013.06.09"]

1. Nf3 d6 2. d4 Bg4 3. e4 Nd7 4. h3 Bh5 5. Nc3 c6 6. g4 Bg6 7. Nh4 e5 8. Nxg6
hxg6 9. Be3 Be7 10. Qd2 Ngf6 11. Bg2 Qa5 12. O-O-O O-O-O 13. Kb1 Kb8 14. f4 Rhe8
15. Qf2 exd4 16. Bxd4 Nb6 17. e5 dxe5 18. fxe5 Nfd7 19. Qxf7 Nxe5 20. Qxg7 Bd6
21. Ne4 Bc7 22. Bc3 Qb5 23. Rxd8+ Rxd8 24. Qe7 Nd5 25. Qc5 Nxc3+ 26. Qxc3 Nc4
27. Qb3 Qd5 28. a3 Nd2+ 29. Nxd2 Qxg2 30. Rd1 Rxd2 31. Qg8+ Bd8 32. Rxd2 Qxd2
33. Qxg6 Qd1+ 34. Ka2 Qd5+ 35. Kb1 Qh1+ 36. Ka2 Qd5+ 37. Kb1 a6 38. Qe8 Kc7 39.
Qe3 Bf6 40. Qg3+ Be5 41. Qe1 Qb5 42. c3 Qd3+ 43. Ka2 Bd6 44. Qe6 Qxh3 45. Qf7+
Kb6 46. g5 Qg3 47. g6 Be5 48. Kb3 Ka7 49. a4 Qg1 50. a5 Qd1+ 51. Kc4 Qa4+ 52.
Kd3 Qb5+ 53. Ke4 Qxa5 54. Qf2+ Ka8 55. Qf8+ Ka7 56. Qf2+ Ka8 57. Qf8+ Ka7 58.
Qf2+ 1/2-1/2

[Event "FIDE World Blitz 2013"]
[Site "Khanty-Mansiysk RUS"]
[Date "2013.06.09"]
[Round "11.20"]
[White "Kurnosov, Igor"]
[Black "Popov, Ivan RUS"]
[Result "1-0"]
[WhiteTitle "GM"]
[BlackTitle "GM"]
[WhiteElo "2657"]
[BlackElo "2632"]
[WhiteFideId "4142527"]
[BlackFideId "4170350"]
[EventDate "2013.06.09"]

1. g3 Nf6 2. Bg2 g6 3. c4 Bg7 4. Nc3 O-O 5. e4 c5 6. Nge2 d6 7. O-O Nc6 8. d3
Rb8 9. a3 a6 10. Rb1 b5 11. cxb5 axb5 12. b4 cxb4 13. axb4 Bd7 14. d4 Qb6 15. h3
e5 16. Be3 exd4 17. Nxd4 Ng4 18. hxg4 Nxd4 19. Nd5 Qa7 20. Qd2 Bxg4 21. Ra1 Ne2+
22. Qxe2 Bxe2 23. Rxa7 Bxf1 24. Bxf1 Rfe8 25. f3 f5 26. exf5 Re5 27. f6 Bf8 28.
f7+ 1-0

[Event "FIDE World Blitz 2013"]
[Site "Khanty-Mansiysk RUS"]
[Date "2013.06.09"]
[Round "11.22"]
[White "Ram, S. Krishnan"]
[Black "Khismatullin, Denis"]
[Result "0-1"]
[BlackTitle "GM"]
[WhiteElo "2248"]
[BlackElo "2658"]
[WhiteFideId "5010519"]
[BlackFideId "4142578"]
[EventDate "2013.06.09"]

1. d4 Nf6 2. Nf3 e6 3. c4 c5 4. dxc5 Bxc5 5. Nc3 b6 6. e3 Bb7 7. Be2 O-O 8. O-O
Be7 9. b3 a6 10. Bb2 d6 11. Rc1 Nbd7 12. Nd4 Qc7 13. Bf3 Rac8 14. Bxb7 Qxb7 15.
Qf3 Qc7 16. Rfd1 Ne5 17. Qe2 Rfd8 18. f4 Ng6 19. f5 Nf8 20. fxe6 fxe6 21. Rf1
Qd7 22. Na4 Rb8 23. Rcd1 Ng6 24. Qf3 b5 25. cxb5 axb5 26. Nc3 d5 27. Qh3 Rb6 28.
Ncxb5 e5 29. Nf5 Rxb5 30. e4 d4 31. Qd3 Rb6 32. Qc4+ Qe6 33. Qc7 Rbb8 34. Ba3
Re8 35. Rc1 Qd7 36. Qxd7 Nxd7 37. Nxe7+ Nxe7 38. Rc7 Rbd8 39. Rfc1 Ng6 40. Ra7
d3 41. Bb4 Ngf8 42. Rcc7 Rc8 43. Rxd7 Nxd7 44. Rxd7 Red8 45. Rd5 Rxd5 46. exd5
Rc2 47. Kf1 e4 0-1

[Event "FIDE World Blitz 2013"]
[Site "Khanty-Mansiysk RUS"]
[Date "2013.06.09"]
[Round "11.25"]
[White "Cherniaev, Alexander"]
[Black "Pasiev, Rakhim"]
[Result "0-1"]
[WhiteTitle "GM"]
[BlackTitle "IM"]
[WhiteElo "2447"]
[BlackElo "2384"]
[WhiteFideId "4117301"]
[BlackFideId "24122475"]
[EventDate "2013.06.09"]

1. e4 d6 2. f4 c5 3. Nf3 Nc6 4. Nc3 Nf6 5. h3 e6 6. d3 Be7 7. g4 O-O 8. Bg2 Rb8
9. O-O b5 10. a3 d5 11. e5 Nd7 12. Ne2 f6 13. d4 cxd4 14. Nexd4 Nxd4 15. Nxd4
Qb6 16. exf6 Nxf6 17. Be3 Qc7 18. c3 Bd6 19. Qd2 a6 20. Rae1 Re8 21. Kh1 Ne4 22.
Bxe4 dxe4 23. f5 exf5 24. gxf5 Be5 25. Re2 Qc4 26. Rg2 Qxf1+ 27. Bg1 e3 0-1

[Event "FIDE World Blitz 2013"]
[Site "Khanty-Mansiysk RUS"]
[Date "2013.06.09"]
[Round "11.26"]
[White "Ghaem Maghami, Ehsan"]
[Black "Bezgodov, Alexei"]
[Result "1-0"]
[WhiteTitle "GM"]
[BlackTitle "GM"]
[WhiteElo "2554"]
[BlackElo "2482"]
[WhiteFideId "12500739"]
[BlackFideId "4105257"]
[EventDate "2013.06.09"]

1. e4 e5 2. Nf3 Nf6 3. Nxe5 Nxe4 4. Qe2 Qe7 5. Qxe4 d6 6. Nc3 Qxe5 7. d4 Qxe4+
8. Nxe4 d5 9. Ng3 Bd6 10. Bd3 O-O 11. O-O Re8 12. Bd2 c6 13. Rfe1 Bd7 14. Nf5
Bf8 15. Bf4 Rxe1+ 16. Rxe1 Be6 17. Nd6 Bxd6 18. Bxd6 Nd7 19. h3 Re8 20. f3 f6
21. Kf2 Kf7 22. g4 h6 23. a4 Nb6 24. b3 Bd7 25. Ra1 Nc8 26. Bg3 Rh8 27. a5 h5
28. a6 b6 29. Bb8 c5 30. c4 Be6 31. dxc5 bxc5 32. cxd5 Bxd5 33. Ra5 hxg4 34.
hxg4 Ne7 35. Bxa7 Nc6 36. Rxc5 Ke6 37. Bc4 Nxa7 38. Rxd5 Ke7 39. Rh5 1-0

[Event "FIDE World Blitz 2013"]
[Site "Khanty-Mansiysk RUS"]
[Date "2013.06.09"]
[Round "11.27"]
[White "Kabanov, Nikolai"]
[Black "Skatchkov, Pavel"]
[Result "0-1"]
[WhiteTitle "GM"]
[BlackTitle "GM"]
[WhiteElo "2472"]
[BlackElo "2486"]
[WhiteFideId "4127820"]
[BlackFideId "4121848"]
[EventDate "2013.06.09"]

1. e4 e5 2. Nf3 d5 3. d4 dxe4 4. Nxe5 Bd6 5. Nc4 Nf6 6. Nxd6+ Qxd6 7. Be2 O-O 8.
O-O Nc6 9. Be3 Nd5 10. Nd2 f5 11. c4 Nxe3 12. fxe3 Qh6 13. Rf4 Nxd4 14. c5 Be6
15. Bc4 Rad8 16. Qa4 Bxc4 17. Qxc4+ Ne6 18. Nf1 Kh8 19. Rf2 f4 20. Qxe4 fxe3 21.
Qxe3 Qxe3 22. Nxe3 Rxf2 23. Kxf2 Nxc5 24. Rd1 Rxd1 25. Nxd1 Kg8 26. Ke3 Kf7 27.
Kd4 Nd7 28. Ne3 Ke6 29. Nc4 c5+ 30. Ke4 Nf6+ 31. Kf4 b5 32. Ne3 Nd5+ 0-1

[Event "FIDE World Blitz 2013"]
[Site "Khanty-Mansiysk RUS"]
[Date "2013.06.09"]
[Round "11.29"]
[White "Sibriaev, Aleksandr"]
[Black "Byambaa, Zulzaga"]
[Result "0-1"]
[WhiteTitle "FM"]
[BlackTitle "FM"]
[WhiteElo "2239"]
[BlackElo "2285"]
[WhiteFideId "4116070"]
[BlackFideId "4900642"]
[EventDate "2013.06.09"]

1. Nc3 g6 2. e4 Bg7 3. Bc4 d6 4. d3 Nf6 5. f4 O-O 6. Nf3 c6 7. a4 d5 8. Bb3 dxe4
9. dxe4 Qxd1+ 10. Kxd1 Na6 11. Be3 Ng4 12. Bg1 Bxc3 13. bxc3 Nf6 14. e5 Nd5 15.
g3 Nxc3+ 16. Kd2 Ne4+ 17. Ke2 Bg4 18. Be3 Rfd8 19. h3 Nxg3+ 20. Kf2 Bxf3 21.
Kxf3 Nxh1 22. Rxh1 e6 23. Bc4 Nb4 24. c3 Nd5 25. Bd4 b6 26. Rc1 a6 27. Ke4 b5
28. Bb3 Rab8 29. a5 b4 30. c4 Nxf4 31. Bb6 Ne2 32. Re1 Nc3+ 33. Ke3 Rd7 34. Bc2
c5 35. Bb3 Rxb6 36. axb6 Rb7 37. Ra1 Rxb6 38. Ra5 Rc6 39. h4 Kg7 40. Kf4 f6 41.
Bc2 h6 42. exf6+ Kxf6 43. Bb3 e5+ 44. Kg4 g5 45. hxg5+ hxg5 46. Ra1 e4 47. Rf1+
Ke5 48. Rf5+ Kd4 49. Rd5+ Nxd5 0-1

[Event "FIDE World Blitz 2013"]
[Site "Khanty-Mansiysk RUS"]
[Date "2013.06.09"]
[Round "11.30"]
[White "Al-Sayed, Mohammed"]
[Black "Akbaev, Kazbek"]
[Result "1-0"]
[WhiteTitle "GM"]
[BlackTitle "IM"]
[WhiteElo "2498"]
[BlackElo "2475"]
[WhiteFideId "12100196"]
[BlackFideId "4131045"]
[EventDate "2013.06.09"]

1. d4 Nf6 2. c4 c5 3. d5 b5 4. Nf3 d6 5. Qc2 g6 6. e4 Bg7 7. cxb5 a6 8. Nc3 O-O
9. Be2 axb5 10. Bxb5 Ba6 11. a4 Bxb5 12. Nxb5 Ne8 13. O-O Nc7 14. Na3 f5 15. Nc4
Nd7 16. Bd2 h6 1-0

[Event "FIDE World Blitz 2013"]
[Site "Khanty-Mansiysk RUS"]
[Date "2013.06.09"]
[Round "12.4"]
[White "Mamedov, Rauf"]
[Black "Sargissian, Gabriel"]
[Result "1/2-1/2"]
[WhiteTitle "GM"]
[BlackTitle "GM"]
[WhiteElo "2637"]
[BlackElo "2671"]
[WhiteFideId "13401653"]
[BlackFideId "13300881"]
[EventDate "2013.06.09"]

1. e4 e5 2. Nf3 Nc6 3. Bc4 Bc5 4. c3 Nf6 5. d3 d6 6. Bb3 O-O 7. h3 a6 8. Nbd2
Be6 9. Nf1 Bxb3 10. axb3 Ne7 11. Ng3 Ng6 12. O-O d5 13. Bg5 Be7 14. Nf5 h6 15.
Nxe7+ Qxe7 16. Bxf6 Qxf6 17. exd5 Nf4 18. c4 Qg6 19. Nh4 Qg5 20. Qg4 Nxd3 21.
Qxg5 hxg5 22. Nf3 f6 23. Rfd1 Nb4 24. Rac1 1/2-1/2

[Event "FIDE World Blitz 2013"]
[Site "Khanty-Mansiysk RUS"]
[Date "2013.06.09"]
[Round "12.5"]
[White "Rublevsky, Sergei"]
[Black "Akopian, Vladimir"]
[Result "1-0"]
[WhiteTitle "GM"]
[BlackTitle "GM"]
[WhiteElo "2695"]
[BlackElo "2691"]
[WhiteFideId "4115309"]
[BlackFideId "13300032"]
[EventDate "2013.06.09"]

1. e4 e5 2. Nf3 Nc6 3. d4 exd4 4. Nxd4 Bc5 5. Be3 Bb6 6. Nf5 g6 7. Bxb6 axb6 8.
Ne3 Nf6 9. Nc3 d6 10. f3 Be6 11. Qd2 Qe7 12. Be2 h5 13. O-O h4 14. Bb5 Kf8 15.
Rae1 h3 16. g3 Ne5 17. f4 Neg4 18. f5 Nxe3 19. Qxe3 Bd7 20. Bxd7 Nxd7 21. fxg6
f6 22. Nd5 Qe6 23. Nxc7 1-0

[Event "FIDE World Blitz 2013"]
[Site "Khanty-Mansiysk RUS"]
[Date "2013.06.09"]
[Round "12.7"]
[White "Moiseenko, Alexander"]
[Black "Cheparinov, Ivan"]
[Result "0-1"]
[WhiteTitle "GM"]
[BlackTitle "GM"]
[WhiteElo "2711"]
[BlackElo "2678"]
[WhiteFideId "14102560"]
[BlackFideId "2905540"]
[EventDate "2013.06.09"]

1. d4 Nf6 2. c4 g6 3. Nc3 d5 4. Bg5 Bg7 5. Bxf6 Bxf6 6. cxd5 c5 7. dxc5 Nd7 8.
e3 O-O 9. Nf3 Nxc5 10. Be2 Qb6 11. Qd2 Rd8 12. O-O Bf5 13. Rad1 Rac8 14. d6 Ne4
15. Nxe4 Bxe4 16. d7 Rc2 17. Qe1 Qxb2 18. Rb1 Qxa2 19. Qb4 Bc6 20. Bd1 Rc4 21.
Qb3 Qxb3 22. Bxb3 Rc5 23. Nd4 Be4 24. Rbc1 Rxc1 25. Rxc1 Rxd7 26. Ne6 Bc6 27. g4
fxe6 28. Rxc6 Rd1+ 29. Bxd1 bxc6 30. Bb3 Kf7 31. f4 g5 32. Kf2 h6 33. Kf3 Bb2
34. Ke4 Kf6 35. h3 Bc1 36. Bc4 a5 37. Bb3 c5 38. Bc4 Bb2 39. Bb3 Bc1 40. Bc4 a4
41. Ba2 a3 42. Bc4 Bb2 43. Ba2 Bc3 44. Bb3 gxf4 45. exf4 e5 46. f5 Kg5 47. Kd5
Kf4 48. Ke6 e4 49. Kxe7 e3 50. Bc4 a2 0-1

[Event "FIDE World Blitz 2013"]
[Site "Khanty-Mansiysk RUS"]
[Date "2013.06.09"]
[Round "12.9"]
[White "Grachev, Boris"]
[Black "Najer, Evgeniy"]
[Result "1/2-1/2"]
[WhiteTitle "GM"]
[BlackTitle "GM"]
[WhiteElo "2683"]
[BlackElo "2633"]
[WhiteFideId "4129199"]
[BlackFideId "4118987"]
[EventDate "2013.06.09"]

1. d4 d5 2. Bf4 Nf6 3. e3 c6 4. c4 Be6 5. Qb3 Qc8 6. Nc3 Nbd7 7. Nf3 Nb6 8. c5
Nbd7 9. Qc2 Nh5 10. Bd3 Bg4 11. Ng5 Nxf4 12. exf4 Nf6 13. h3 Bd7 14. O-O g6 15.
Rae1 Bf5 16. Bxf5 Qxf5 17. Qd2 Bh6 18. Re5 Qd7 19. Rfe1 e6 20. Qe2 O-O 21. g3 b6
22. b4 a5 23. a3 axb4 24. axb4 bxc5 25. bxc5 Bg7 26. Re3 Qc7 27. Nf3 Nd7 28. Ne5
Rfb8 29. Qc2 Rb4 30. Rd3 Rab8 31. Kg2 Rb2 32. Qd1 R2b4 1/2-1/2

[Event "FIDE World Blitz 2013"]
[Site "Khanty-Mansiysk RUS"]
[Date "2013.06.09"]
[Round "12.11"]
[White "Vitiugov, Nikita"]
[Black "Riazantsev, Alexander"]
[Result "1-0"]
[WhiteTitle "GM"]
[BlackTitle "GM"]
[WhiteElo "2734"]
[BlackElo "2708"]
[WhiteFideId "4152956"]
[BlackFideId "4125029"]
[EventDate "2013.06.09"]

1. c4 Nf6 2. Nc3 e6 3. e4 d5 4. cxd5 exd5 5. e5 Ne4 6. Nf3 Nxc3 7. bxc3 c5 8.
Be2 Nc6 9. d4 Be7 10. O-O O-O 11. Be3 Qa5 12. Qb3 c4 13. Qc2 Bg4 14. Ng5 Bxg5
15. Bxg4 Bxe3 16. fxe3 Qd8 17. Rf4 Ne7 18. Raf1 Ng6 19. Rf5 Qe7 20. e4 Rad8 21.
exd5 Rxd5 22. Bf3 Ra5 23. Be4 Qc7 24. Qf2 f6 25. Rf3 Qe7 26. Qe2 Qe6 27. Bf5 Qc6
28. Rh3 fxe5 29. Qh5 Rxf5 30. Qxh7+ Kf7 31. Rxf5+ Ke7 32. Qxg7+ Kd8 33. Rh8+ 1-0

[Event "FIDE World Blitz 2013"]
[Site "Khanty-Mansiysk RUS"]
[Date "2013.06.09"]
[Round "12.13"]
[White "Georgiev, Kiril"]
[Black "Safarli, Eltaj"]
[Result "0-1"]
[WhiteTitle "GM"]
[BlackTitle "GM"]
[WhiteElo "2636"]
[BlackElo "2660"]
[WhiteFideId "2900017"]
[BlackFideId "13402129"]
[EventDate "2013.06.09"]

1. Nf3 Nf6 2. c4 g6 3. g3 Bg7 4. Bg2 d5 5. O-O O-O 6. d4 dxc4 7. Na3 Nc6 8. Nxc4
Be6 9. b3 a5 10. a4 Bd5 11. Bb2 Nb4 12. e3 Ne4 13. Qe2 Nd6 14. Rfd1 c6 15. Ncd2
Ne4 16. Nc4 Qc7 17. Rdc1 Rfd8 18. Nfe5 Nd6 19. e4 Bxc4 20. bxc4 Ne8 21. Rd1 c5
22. Nf3 cxd4 23. Nxd4 Rac8 24. Rac1 b6 25. Nb5 Qc5 26. e5 e6 27. Bd4 Rxd4 28.
Nxd4 Bxe5 29. Nb5 Nf6 30. Bf3 h5 31. Kg2 Kg7 32. h4 Nc6 33. Qd2 Ne7 34. Nd6 Rc7
35. Ne4 Nxe4 36. Bxe4 Qb4 37. Qc2 Nc8 38. Bf3 Nd6 39. Be2 Nf5 40. Rb1 Qc5 41.
Qe4 Bf6 42. Bf1 Nd4 43. Kg1 Nc6 44. Rb5 Qa3 45. Rxb6 Qxa4 46. Rd2 Nb4 47. Rb7
Rxb7 48. Qxb7 Qc6 49. Rd7 Qxb7 50. Rxb7 Bd4 51. Kg2 Bc5 52. Rb5 Bd4 53. Rxa5 Kf6
54. Rb5 Nc6 55. Be2 Ne5 56. f4 Nd7 57. Rb7 Nc5 58. Rc7 Ne4 59. Bd3 Nc5 60. Bc2
Kg7 61. Kf3 Kf8 62. Rc8+ Ke7 63. Rc7+ Kf6 64. Bd1 Na6 65. Rd7 Bg1 66. Rb7 Nc5
67. Rc7 Bd4 68. Ke2 Bg1 69. Bc2 Kg7 70. Rc8 Bd4 71. Kf3 Kf6 72. Rd8 Bc3 73. Ke3
Nb7 74. Rd7 Nc5 75. Rc7 Na6 76. Rb7 Be1 77. Kf3 Nc5 78. Rc7 Bb4 79. Be4 Nb3 80.
Bc6 Nd2+ 81. Kg2 Nxc4 82. Ba4 Ne3+ 83. Kh3 Nd5 84. Rb7 Be7 85. Bc6 Nb4 86. Be8
Nd3 87. Bb5 Nf2+ 88. Kg2 Ne4 89. Be2 Nc5 90. Ra7 Bd6 91. Bf3 Be7 92. Bc6 Nb3 93.
Be8 Nd4 94. Kh3 Ne2 95. Rb7 Ng1+ 96. Kg2 Ne2 97. Rd7 Nc3 98. Kf3 Nd5 99. g4
hxg4+ 100. Kxg4 Kg7 101. Rb7 Kf8 102. Bc6 Ne3+ 103. Kh3 Nf5 104. Rb8+ Kg7 105.
Rb7 Bxh4 106. Be8 Be7 107. Bc6 Kf6 108. Bf3 Nd4 109. Bd1 Bd6 110. Rd7 Nf5 111.
Kg4 Ba3 112. Ba4 Bc1 113. Ra7 Ne3+ 114. Kf3 Nd5 115. Be8 Ne7 116. Rb7 Ba3 117.
Ra7 Bc5 118. Rb7 Kg7 119. Bb5 Nf5 120. Rc7 Bd6 121. Rd7 Nd4+ 122. Ke4 Nxb5 0-1